000 00561nam a2200181Ia 4500
008 090123s9999 xx 000 0 und d
082 _b7580
_a891.463/भारद्वा
100 _aभारद्वाज मंदाकिनी
245 _aभुरळ
250 _a1
260 _bदिपाली प्रकाशन
300 _a187
600 _aभारद्वाज मंदाकिनी
630 _aभुरळ
700 _aभारद्वाज मंदाकिनी
730 _aभुरळ
942 _cBOOK
999 _c45646
_d45646